عرض عادي عرض مارك
  • England

مدخل إسم جغرافي

عدد التسجيلات المستخدمة في: 1

001 - رقم الضبط

  • حقل الضبط: 64782

003 - معرف رقم الضبط

  • حقل الضبط: OSt

005 - تاريخ ووقت أخر عملية

  • حقل الضبط: 20180903081512.0

008 - عناصر بيانات ثابتة الطول

  • حقل تحكم ثابت الطول: 180903|| aca||aabn | a|a d

040 ## - مصدر الفهرسة

  • هيئة الفهرسة الأصلية: OSt
  • وكالة الكتابة: OSt

151 ## - مدخل-- مصطلح تاريخي

  • اسم جغرافي: England
  • تفريع شكلي: Fiction.

670 ## - بيانات المصدر موجوده

  • الاستشهاد بالمصدر: Work cat.: (OSt)42548: Lawrence, D. H. (David Herbert), 1885-1930. 6803, Sons and lovers, 2011.